000 00884nam a2200277Ia 4500
003 OSt
005 20220928130543.0
006 a|||||r|||| 00| 0
007 ta
008 220927b |||||||| |||| 00| 0 eng d
020 _cINR 950.00
024 _a144977
037 _b114, 12/03/2021, Classic Book Service
_cTextual
040 _aSDCL
_cSDCL
_beng
041 _2eng
_aeng
082 _aD6,8(2), P8
100 _aManning Christopher D.
_9474518
245 0 _aIntroduction to information retrieval
260 _aNew Delhi
_bCambridge University Press
_c2008
300 _axxi,482p.
_ccm.
650 _aBiophysics
700 _a Raghavan Prabhakar
700 _a Schutze Hinrich
_9474519
942 _hD6,8(2), P8
_cTEXL
_2CC
999 _c787091
_d787091